Influence of technological conditions of production on the strength and plastic properties of thin packaging sheets
Na minha lista:
| Autor principal: | |
|---|---|
| Outros Autores: | , |
| Formato: | Capítulo de Livro |
| Idioma: | inglês |
| Tags: |
Sem tags, seja o primeiro a adicionar uma tag!
|
MARC
| LEADER | 00000nla a2200000 4500 | ||
|---|---|---|---|
| 001 | 0221060 | ||
| 005 | 20240502073630.8 | ||
| 041 | 0 | |a eng | |
| 044 | |a SK | ||
| 245 | 1 | 0 | |a Influence of technological conditions of production on the strength and plastic properties of thin packaging sheets |c Emília Duľová Spišáková, Marek Čižmár, Emil Spišák |
| 500 | |a Abstrakt | ||
| 100 | 1 | |a Duľová Spišáková, Emília, 1983- | |
| 700 | 1 | |a Čižmár, Marek | |
| 700 | 1 | |a Spišák, Emil | |